Organic chemistry

The text continues to build on its reputation of providing students with a progressive introduction to organic chemistry. One of the most outstanding features of the new edition is an increased and more thorough coverage of mechanisms. ORGANIC CHEMISTRY, fourth edition is clearly written and provide...

Descrizione completa

Salvato in:
Dettagli Bibliografici
Autore principale: Brown, William H.
Natura: Libro
Lingua:Undetermined
Pubblicazione: Belmont, CA. Brooks/Cole-Thomson Learning 2005
Soggetti:
Tags: Aggiungi Tag
Nessun Tag, puoi essere il primo ad aggiungerne! !
Thư viện lưu trữ: Trung tâm Học liệu Trường Đại học Cần Thơ
LEADER 00998nam a2200205Ia 4500
001 CTU_116776
008 210402s9999 xx 000 0 und d
020 |c 144.10 
082 |a 547 
082 |b B881 
100 |a Brown, William H. 
245 0 |a Organic chemistry 
245 0 |c William H. Brown, Christopher S. Foote, Brent L. Iverson 
260 |a Belmont, CA. 
260 |b Brooks/Cole-Thomson Learning 
260 |c 2005 
520 |a The text continues to build on its reputation of providing students with a progressive introduction to organic chemistry. One of the most outstanding features of the new edition is an increased and more thorough coverage of mechanisms. ORGANIC CHEMISTRY, fourth edition is clearly written and provides students with many more real life examples of organic chemistry, especially in the areas of bio-organic chemistry and medicinal chemistry. 
650 |a Chemistry, organic 
904 |i Minh 
980 |a Trung tâm Học liệu Trường Đại học Cần Thơ